000 00488nam a2200181Ia 4500
005 20250326124039.0
008 250326s9999 xx 000 0 und d
037 _aTextbook
040 _aFMSL
_beng
_cFMSL
041 _aeng
_2eng
084 _aX.73 K2
_qFMSL
100 _aBeishline J R
_9736673
245 0 _aAmerican economy
_cBeishline J R
260 _aNew Jersey
_bNew Jersey, Princeton
_c1962
300 _a822p
942 _cTB
_hX.73 K2
999 _c1272039
_d1272039